[Event "New York op"]
[Site "New York"]
[Date "1993.??.??"]
[Round "9"]
[White "Alburt, Lev O"]
[Black "Novikov, Igor A"]
[Result "1-0"]
[WhiteElo "2535"]
[BlackElo "2540"]

1.d4 d5 2.Bg5 Nf6 3.Bxf6 exf6 4.e3 Be6 5.Ne2 Bd6 6.Nf4 Bxf4 7.exf4 Qe7 8.Nc3 Bg4+
9.Be2 Bxe2 10.Nxe2 Nd7 11.Qd3 Nb6 12.O-O O-O 13.Ng3 Rfe8 14.b3 c6 15.h4 Qd7
16.f5 Re7 17.Qf3 Qd6 18.Qg4 Rae8 19.Nh5 g6 20.Ng3 Kh8 21.h5 Rg8 22.Rae1 Nc8
23.h6 Rge8 24.Rd1 Rg8 25.Rfe1 Rge8 26.Rxe7 Qxe7 27.Kh2 Qf8 28.Qh4 Qd6 29.Kg1 Kg8
30.Qg4 Kf8 31.Kf1 Qe7 32.Kg1 Qd6 33.c4 Ne7 34.c5 Qd7 35.Re1 Nxf5 36.Rxe8+ Kxe8
37.Nxf5 Qxf5 38.Qxf5 gxf5 39.Kf1  1-0

[Event "NOR-ch"]
[Site "?"]
[Date "1993.??.??"]
[Round "6"]
[White "Groenn, Atle"]
[Black "Fossan, Erik"]
[Result "1/2-1/2"]
[WhiteElo "2325"]
[BlackElo "2315"]

1.d4 Nf6 2.Bg5 c5 3.Nc3 cxd4 4.Qxd4 Nc6 5.Qh4 e6 6.O-O-O Be7 7.e4 Qa5 8.f4 d6
9.Nf3 h6 10.e5 dxe5 11.fxe5 Nxe5 12.Nxe5 Qxe5 13.Bb5+ Kf8  1/2-1/2

[Event "Odense"]
[Site "Odense"]
[Date "1993.??.??"]
[Round "2"]
[White "Sogaard, Soren"]
[Black "Pedersen, Steffen"]
[Result "1/2-1/2"]
[WhiteElo "2280"]
[BlackElo "2385"]

1.d4 d5 2.Bg5 Nf6 3.e3 e6 4.Nd2 h6 5.Bh4 Be7 6.Bd3 Nbd7 7.Bxf6 Bxf6 8.f4 c5
9.c3 Rb8 10.Ngf3 b5 11.b4 cxb4  1/2-1/2

[Event "Odorheiu Secuiesc op"]
[Site "Odorheiu Secuiesc"]
[Date "1993.??.??"]
[Round "3"]
[White "Dumitrescu, Dragos"]
[Black "Vlad, Decebal"]
[Result "1/2-1/2"]
[WhiteElo "2290"]
[BlackElo "2405"]

1.d4 Nf6 2.Bg5 c5 3.Bxf6 gxf6 4.d5 Qb6 5.Qc1 f5 6.e3 Bg7 7.c3 d6 8.Nd2 Nd7
9.Nc4 Qc7 10.a4 Nf6 11.Qd1 b6 12.Be2 Bb7 13.Bf3 O-O-O 14.Na3  1/2-1/2

[Event "Odorheiu Secuiesc op"]
[Site "Odorheiu Secuiesc"]
[Date "1993.??.??"]
[Round "7"]
[White "Ionescu, Doru Alexandru"]
[Black "Vlad, Decebal"]
[Result "1-0"]
[WhiteElo "2225"]
[BlackElo "2405"]

1.d4 Nf6 2.Bg5 c5 3.Bxf6 gxf6 4.d5 Qb6 5.Qc1 f5 6.g3 f4 7.c3 fxg3 8.hxg3 d6
9.Nd2 Nd7 10.Qc2 Nf6 11.Bg2 Qc7 12.c4 Bg7 13.Nh3 Bd7 14.Rb1 Bh6 15.e3 e5
16.dxe6 fxe6 17.Ne4 Nxe4 18.Bxe4 Bc6 19.Ng1 Bg7 20.Ne2 O-O-O 21.Nf4 Bd7 22.b4 cxb4
23.Rxb4 d5 24.Bg2 Be5 25.Qb3 Bxf4 26.exf4 Bc6 27.cxd5 exd5 28.Rh5 Rhe8+ 29.Kf1 a5
30.Rd4 Qg7 31.Rd1 Qg6 32.Rg5 a4 33.Qb2 Qh6 34.Rc1 Qh2 35.Bf3 Qh6 36.Rg7 Kb8
37.Rb1 b5 38.Qd4 Rd7 39.Rxd7 Bxd7 40.Qxd5 Kc7 41.Rc1+ Kd8 42.Rd1 Qh3+ 43.Kg1 Qe6
44.Qg5+ Kc7 45.Qc5+ Kd8 46.Bc6  1-0

[Event "Pardubice"]
[Site "Pardubice"]
[Date "1993.??.??"]
[Round "6"]
[White "Hodgson, Julian M"]
[Black "Alterman, Boris"]
[Result "0-1"]
[WhiteElo "2625"]
[BlackElo "2585"]

1.d4 Nf6 2.Bg5 c5 3.Bxf6 gxf6 4.d5 Qb6 5.Qc1 f5 6.g3 Bg7 7.c3 d6 8.Bh3 e6
9.Nf3 Nd7 10.Nbd2 Nf6 11.c4 Bd7 12.O-O O-O 13.Qc2 Rae8 14.Rfe1 Qd8 15.Rad1 exd5
16.Nh4 d4 17.Nxf5 Bxf5 18.Bxf5 h6 19.Nf3 b6 20.Nh4 Re5 21.Bd3 Rfe8 22.Nf5 Ne4
23.Bxe4 Rxe4 24.Rd3 Qf6 25.Rf3 Qe6 26.e3 d5 27.cxd5 Qxd5 28.Rd1 R8e5 29.Nxg7 Kxg7
30.exd4 Rxd4 31.Rxd4 Qxf3 32.Qd1 Qxd1+ 33.Rxd1 Re2 34.Rb1 h5 35.Kg2 Kg6 36.Kf3 Rc2
37.Ke3 f6 38.h3 Kf5 39.Kf3 Kg5 40.Ke3 a5 41.Kd3 Rxf2 42.Kc4 Rg2 43.Kb5 Rxg3
44.Kxb6 h4 45.Kxa5 Rxh3 46.Kb5 Rg3 47.a4 h3 48.Kxc5 Kg4 49.a5 h2 50.Rh1 Kh3
51.a6 Rg1 52.a7 Rxh1 53.a8=Q Rc1+ 54.Kb4 h1=Q 55.Qh8+ Kg4 56.Qg7+ Kf5 57.Qd7+ Ke4
58.Qe6+ Kd3 59.Qd6+ Kc2 60.Qc5+ Kb1  0-1

[Event "Paris-ch"]
[Site "Paris"]
[Date "1993.??.??"]
[Round "7"]
[White "Trommsdorf, Fro"]
[Black "Pinard, Alain"]
[Result "1/2-1/2"]
[WhiteElo "2245"]
[BlackElo "2265"]

1.d4 Nf6 2.Bg5 d5 3.Nc3 e6 4.e4 dxe4 5.Nxe4 Nbd7 6.Nf3 Be7 7.Nxf6+ Bxf6 8.Qd2 O-O
9.O-O-O b6 10.Bb5 Bb7 11.h4 c6 12.Bc4 Rc8 13.Rhe1 Re8 14.Ne5 Bxg5 15.hxg5 Nf8
16.Qf4 Qc7 17.Rh1 Rcd8 18.Bd3 c5 19.g6 fxg6 20.Bxg6 Nxg6 21.Nxg6 Qxf4+ 22.Nxf4 Rxd4
23.Rxd4 cxd4 24.f3 e5 25.Ne2 h6 26.Rd1 Kf7  1/2-1/2

[Event "Peristeri"]
[Site "Peristeri"]
[Date "1993.??.??"]
[Round "2"]
[White "Nikolaidis, Ioannis"]
[Black "Sirigos, Nikolaos"]
[Result "1-0"]
[WhiteElo "2440"]
[BlackElo "2310"]

1.d4 Nf6 2.Bg5 g6 3.Bxf6 exf6 4.e3 Bg7 5.c4 d6 6.Nc3 Nd7 7.g3 f5 8.Bg2 O-O
9.Nge2 Re8 10.O-O h5 11.h4 Nf6 12.Qd3 c6 13.b4 Qe7 14.b5 Ne4 15.a4 Bd7 16.a5 Rac8
17.a6 b6 18.Rac1 Bh6 19.Bf3 Kg7 20.Rc2 d5 21.c5 bxc5 22.dxc5 Qxc5 23.Nxe4 fxe4
24.Rxc5 exd3 25.Nd4 Rxe3 26.bxc6 Bh3 27.Rd1 Rxf3 28.Nxf3 d2 29.c7 Bg4 30.Kg2 d4
31.Rc4 Kf6 32.Ra1 Ke7 33.Rxd4 Bxf3+ 34.Kxf3 Rxc7 35.Rd1 Rc6 36.Ra4 Re6 37.Re4 Rxe4
38.Kxe4 f5+ 39.Kd5 f4 40.Rxd2 fxg3 41.Re2+ Kf7 42.fxg3 Bg7 43.Rc2  1-0

[Event "US op"]
[Site "Philadelphia"]
[Date "1993.??.??"]
[Round "?"]
[White "Dzindzichashvili, Roman"]
[Black "Yermolinsky, Alex"]
[Result "1/2-1/2"]
[WhiteElo "2535"]
[BlackElo "2605"]

1.d4 Nf6 2.Bg5 d5 3.Bxf6 exf6 4.e3 Bd6 5.Nf3 O-O 6.Nbd2 Be6 7.Bd3 Nd7 8.O-O f5
9.c4 c6 10.cxd5 cxd5 11.g3 Nf6 12.Be2 Ne4 13.Ne5 Rc8 14.f3 Nxd2 15.Qxd2 Qb6
16.Nd3 Rc6 17.Rfc1 Rfc8 18.Rxc6 Rxc6 19.Rc1 g6 20.Kf2 Rxc1 21.Qxc1 Qc7 22.Qxc7 Bxc7
23.Nc5 b6 24.Na4 a5 25.Ba6 Kf8 26.Ke2 Ke7 27.Nc3 Kd6 28.Bb7 Bd8 29.Kd3 h5
30.h4 g5 31.hxg5 Bxg5 32.f4 Bd8 33.Ke2 h4 34.Kf2 hxg3+ 35.Kxg3 Be7 36.Kh3 Bd8
37.Ba6 Bd7 38.Bd3 Be7 39.Ne2 Ke6 40.Ng1 b5 41.Nf3  1/2-1/2

[Event "World op"]
[Site "Philadelphia"]
[Date "1993.??.??"]
[Round "?"]
[White "Bisguier, Arthur Bernard"]
[Black "Tyehimba, Bem"]
[Result "1/2-1/2"]
[WhiteElo "2365"]
[BlackElo "2235"]

1.d4 Nf6 2.Bg5 g6 3.Nd2 d5 4.e3 Bg7 5.Bd3 c5 6.c3 b6 7.Ngf3 O-O 8.O-O Bb7
9.Qb1 Nc6 10.b4 cxd4 11.cxd4 Rc8 12.a3 Ne8 13.Rc1 Nd6 14.Bf4 Qd7 15.Qb2 Qe6
16.h3 h6 17.Qb3 f5 18.Bf1 Qf7 19.Bxd6 exd6 20.g3 g5 21.Bg2 Ne7 22.Qa4 Rxc1+
23.Rxc1 Nc8 24.Qc2 f4 25.Qc7 fxe3 26.Qxf7+ Rxf7 27.fxe3 b5 28.Nb3 Nb6 29.Na5 Ba8
30.Nd2 Kf8 31.Rf1 Rxf1+ 32.Kxf1 Ke7 33.Ke2 Ke6 34.Nb1 Bf6 35.Nc3 a6 36.Bf3 Bd8
37.Nd1 Nd7 38.Bg4+ Ke7 39.Nb2 Bxa5 40.bxa5 Bb7  1/2-1/2

[Event "US op"]
[Site "Philadelphia"]
[Date "1993.??.??"]
[Round "?"]
[White "Alburt, Lev O"]
[Black "Ivanov, Alexander V"]
[Result "0-1"]
[WhiteElo "2545"]
[BlackElo "2535"]

1.d4 Nf6 2.Bg5 g6 3.Bxf6 exf6 4.e3 f5 5.h4 d6 6.h5 Bg7 7.g3 Nd7 8.Ne2 Nf6
9.Nf4 Bd7 10.c3 Bc6 11.Rh2 Bh6 12.Be2 g5 13.Ng2 f4 14.g4 Qe7 15.Nd2 O-O 16.Nf1 f3
17.Bxf3 Bxf3 18.Qxf3 Qe6 19.d5 Nxd5 20.Ng3 Ne7 21.Nf5 Nxf5 22.gxf5 Qc4 23.Kd2 b5
24.Qe2 Qc5 25.Qg4 b4 26.Ne1 bxc3+ 27.bxc3 Bg7 28.Rc1 h6 29.Nd3 Qa5 30.Rc2 Rfe8
31.Qf3 Bf6 32.Rg2 d5 33.Rg4 Rad8 34.Ke2 Bxc3 35.Kf1 c5 36.Qg3 Bf6 37.Nxc5 d4
38.exd4 Rxd4 39.Rxd4 Bxd4 40.Qd6 Qe1+ 41.Kg2 Qd1 42.Rc4 Re1 43.Rxd4 Rg1+
44.Kh2 Qf1  0-1

[Event "POR-chB"]
[Site "?"]
[Date "1993.??.??"]
[Round "9"]
[White "Rocha, Sergio"]
[Black "Silva, Fernando"]
[Result "0-1"]
[WhiteElo "2335"]
[BlackElo "2335"]

1.d4 Nf6 2.Bg5 g6 3.Bxf6 exf6 4.e3 Bg7 5.Bd3 d6 6.Ne2 f5 7.c3 Nd7 8.Nd2 Nf6
9.Qc2 Bd7 10.Nf4 Bc6 11.h4 Bh6 12.Rg1 Bxf4 13.exf4 Qe7+ 14.Kf1 Ng4 15.Rh1 O-O-O
16.Re1 Qf8 17.b4 Qh6 18.Be2 Qxf4 19.Bxg4 fxg4 20.Qd3 Rde8 21.d5 Rxe1+ 22.Kxe1 Re8+
23.Kd1 Ba4+ 24.Kc1 Qxf2 25.Rf1 Re1+ 26.Rxe1 Qxe1+ 27.Kb2 Bd7 28.Nb3 Bf5 29.Qd4 Qe2+
30.Ka3 Qxg2 31.c4 Bb1 32.Nd2 Qg3+ 33.Kb2 Bf5 34.Qxa7 Qd3 35.Nb3 Qxc4 36.Qa8+ Kd7
37.Qxb7 Be4  0-1

[Event "Porz op29"]
[Site "Porz"]
[Date "1993.??.??"]
[Round "6"]
[White "Lindam, Ingo"]
[Black "Hoersch, Heiner"]
[Result "0-1"]
[WhiteElo "2065"]
[BlackElo "2080"]

1.d4 Nf6 2.Bg5 g6 3.Nc3 Bg7 4.e4 d6 5.Bc4 O-O 6.Qe2 Nc6 7.O-O-O Na5 8.Bb3 Nxb3+
9.axb3 c6 10.e5 dxe5 11.dxe5 Qa5 12.Kb1 Ng4 13.Bxe7 Re8 14.Bd6 Nxe5 15.b4 Qa6
16.Qxa6 bxa6 17.Nge2 Nc4 18.Bc5 a5 19.Nd4 axb4 20.Na4 a5 21.b3 Na3+ 22.Kc1 Be6
23.c4 Bh6+ 24.Kb2 Bf5 25.Rhe1 Bg7 26.Ka2 Rxe1 27.Rxe1 Bxd4 28.Bxd4 Nc2 29.Nb6 Rb8
30.Be5 Rxb6 31.Rd1 f6 32.Bxf6 Kf7 33.Bd8 Rb7 34.Kb2 c5 35.g4 Bxg4 36.Rd5 Ne1
37.Bxa5 Rd7 38.Rg5 h5 39.Bb6 Kf6 40.f4 Nd3+ 41.Kc2 Bf5 42.Rg1 Nxf4+  0-1

[Event "Porz op29"]
[Site "Porz"]
[Date "1993.??.??"]
[Round "7"]
[White "Kostadinov, Atanas"]
[Black "Winkler, Thorsten"]
[Result "1-0"]
[WhiteElo "2245"]
[BlackElo "1875"]

1.d4 d5 2.Bg5 Nf6 3.e3 Ne4 4.h4 c6 5.Nd2 Nxd2 6.Qxd2 h6 7.Bf4 Bf5 8.Bxb8 Rxb8
9.Bd3 Bxd3 10.Qxd3 Qb6 11.Nf3 Qxb2 12.O-O e6 13.Rab1 Qa3 14.Rb3 Qa5 15.Rfb1 Qc7
16.e4 Be7 17.c4 dxe4 18.Qxe4 O-O 19.c5 Rfd8 20.g4 Rd5 21.a4 Bf6 22.Kg2 Qd7
23.Qf4 Qc8 24.a5 a6 25.g5 hxg5 26.hxg5 Rf5 27.Qh4 Bd8 28.Rh1 Kf8 29.Qh8+ Ke7
30.Qxg7 Bxa5 31.Re3 Qg8 32.Qh6 Bc7 33.Rhe1 Bf4 34.Re4 Bxg5 35.Nxg5 Qxg5+
36.Qxg5+ Rxg5+ 37.Kf3 Rf5+ 38.Ke3 Kd7 39.Rb1 Kc7 40.Ra1 Re8 41.f4 Rh8 42.Re5 Rh3+
43.Ke4 Rfh5 44.Rg5 Rh6 45.Rg7 Rh7 46.Rg8 Rh8 47.Rg7 R3h7 48.Rg3 Ra8 49.Ra2 Kd7
50.Rb3 Kc7 51.Rg2 Rah8 52.Rgb2 Rb8 53.Ra3 Rh1 54.Rg2 Re1+ 55.Kf3 Rh8 56.Rg7 Rf8
57.Ra2 Rb1 58.Rh2 Kd7 59.Ra2 Rb5 60.Ke4 Ke7 61.Rh2 Kf6 62.Rg3 b6 63.cxb6 Rxb6
64.Ra3 Ra8 65.Rha2 Ke7 66.Ra5 Kd7 67.Ke5 Ke7 68.Ke4 Kd6 69.Kd3 Kc7 70.Ke4 f6
71.Kd3 Kb7 72.Kc4 Rb5 73.R5a3 Rf5 74.Re2 Rxf4 75.Rxe6 Kc7 76.Re7+ Kd6 77.Rae3 Rxd4+
78.Kxd4 c5+ 79.Kc4  1-0

[Event "Porz op29"]
[Site "Porz"]
[Date "1993.??.??"]
[Round "9"]
[White "Wessler, Dirk"]
[Black "Fuchs, Andreas"]
[Result "1-0"]
[WhiteElo "1855"]
[BlackElo "2145"]

1.d4 Nf6 2.Bg5 c5 3.d5 Qb6 4.Nc3 h6 5.Bd2 d6 6.e4 g6 7.Be2 Bg7 8.f4 a6 9.Nf3 Nbd7
10.h3 Qc7 11.a4 Rb8 12.O-O O-O 13.Qe1 Re8 14.Qh4 e6 15.dxe6 Rxe6 16.Bc4 Rxe4
17.Nxe4 Nxe4 18.Qe7 Nef6 19.Qxf7+ Kh7 20.Ng5+ hxg5 21.fxg5 Qd8 22.gxf6 Nxf6
23.Rxf6 d5 24.Qxg6+  1-0

[Event "Prague"]
[Site "Prague"]
[Date "1993.??.??"]
[Round "9"]
[White "David, Alberto"]
[Black "Jansa, Vlastimil"]
[Result "1/2-1/2"]
[WhiteElo "2380"]
[BlackElo "2500"]

1.d4 Nf6 2.Bg5 c5 3.d5 Ne4 4.Bf4 Qb6 5.Nd2 Nxd2 6.Bxd2 d6 7.Bc3 Nd7 8.e4 Nf6
9.Qe2 g6 10.O-O-O Bg7 11.f4 O-O 12.e5 Ne8 13.g3 e6 14.Bg2 dxe5 15.Bxe5 exd5
16.Bxd5 Nf6  1/2-1/2

[Event "ISD-FRA"]
[Site "Reykjavik"]
[Date "1993.??.??"]
[Round "1"]
[White "Thorhallsson, Throstur"]
[Black "Bricard, Emmanuel"]
[Result "1-0"]
[WhiteElo "2430"]
[BlackElo "2460"]

1.d4 Nf6 2.Bg5 c5 3.d5 Qb6 4.Nc3 Qxb2 5.Bd2 Qb6 6.e4 e5 7.dxe6 dxe6 8.e5 Nfd7
9.f4 a6 10.a4 Qc7 11.Nf3 Nc6 12.Ne4 b6 13.Bc3 Bb7 14.Nd6+ Bxd6 15.exd6 Qd8
16.Rb1 Nf6 17.Bc4 Ne4 18.Qd3 Nb4 19.Rxb4 cxb4 20.Bxb4 O-O 21.O-O b5 22.axb5 axb5
23.Bb3 Qb6+ 24.Qd4 Qxd4+ 25.Nxd4 Bd5 26.Bxd5 exd5 27.Nc6 f6 28.Rd1 Kf7 29.d7 Rh8
30.f5 g6 31.g4 gxf5 32.Rxd5 Ke6 33.d8=Q Rhxd8 34.Rxd8 Rxd8 35.Nxd8+ Kd7 36.Nf7 fxg4
37.Nh6 g3 38.hxg3 Nxg3 39.Kf2 Nh5 40.Ke3 Ke6 41.Kd4 f5 42.Kc5 Kf6 43.Kxb5 Kg6
44.Bd2 f4 45.Ng4 Kg5 46.Nf2 Kh4 47.c4 Kg3 48.Nd3 f3 49.Be1+ Kg4 50.c5 Nf6
51.c6 Ne8 52.Kc5 h5 53.Kd5 h4 54.Ne5+  1-0

[Event "ROM-chT"]
[Site "ROM"]
[Date "1993.??.??"]
[Round "3"]
[White "Barbu, Nicolae"]
[Black "Biriescu, Ioan"]
[Result "1-0"]
[WhiteElo "2350"]
[BlackElo "2340"]

1.d4 Nf6 2.Bg5 c5 3.Bxf6 gxf6 4.d5 d6 5.e3 Bg7 6.c3 O-O 7.Nd2 f5 8.Ne2 e5
9.Ng3 f4 10.exf4 exf4 11.Nh5 Re8+ 12.Be2 Bg4 13.Nxf4 Qg5 14.O-O Bxe2 15.Nxe2 Nd7
16.Nf3 Qg6 17.Ng3 Bf6 18.Re1  1-0

[Event "San Isidoro op"]
[Site "San Isidoro"]
[Date "1993.??.??"]
[Round "3"]
[White "Madina, Martin"]
[Black "Bronstein, Luis"]
[Result "0-1"]
[WhiteElo "2260"]
[BlackElo "2425"]

1.d4 Nf6 2.Bg5 d5 3.Nf3 Ne4 4.Bf4 g6 5.e3 Bg7 6.Nbd2 c5 7.c3 Nxd2 8.Qxd2 Nc6
9.Be2 O-O 10.O-O cxd4 11.exd4 f6 12.Rad1 Be6 13.Rfe1 Bf7 14.Bb5 Rc8 15.Bxc6 Rxc6
16.Bh6 g5 17.Bxg7 Kxg7 18.Re3 Re6 19.Rde1 Rxe3 20.Qxe3 e6 21.h4 h6 22.Nh2 Qd6
23.Rf1 Qf4 24.hxg5 hxg5 25.g3 Qxe3 26.fxe3 Bg6 27.Ng4 Bd3 28.Re1 Be4 29.Nf2 Bf3
30.Rc1 b5 31.Rc2 Rh8 32.Rc1 e5 33.b3 g4 34.dxe5 fxe5 35.c4 bxc4 36.bxc4 Rc8
37.c5 e4 38.Kf1 d4 39.Ke1 dxe3 40.Nd1 e2 41.Nc3 Rxc5 42.Nxe2 Rxc1+ 43.Nxc1 e3
44.Nb3 Kf6 45.Nd4 Ke5 46.Nb5 a6 47.Nc7 a5 48.Nb5 Kd5 49.Na3 Kd4 50.Nb5+ Kc5
51.Na3 Be4 52.Ke2 Kb4  0-1

[Event "Seefeld op"]
[Site "Seefeld"]
[Date "1993.??.??"]
[Round "7"]
[White "Scholvin, Erich"]
[Black "Nadenau, Oskar"]
[Result "0-1"]
[WhiteElo "2100"]
[BlackElo "1950"]

1.d4 Nf6 2.Bg5 d5 3.Nf3 Nbd7 4.e3 e6 5.Bd3 Be7 6.Nbd2 O-O 7.c3 c5 8.O-O h6
9.Bh4 b6 10.h3 Bb7 11.g4 Ne4 12.Bxe7 Qxe7 13.Nh2 f5 14.f4 Qh4 15.Bxe4 fxe4
16.Kg2 Rf7 17.Qe1 Qxe1 18.Raxe1 Ba6 19.Rf2 Rc8 20.Nb3 Bc4 21.Rd2 a5 22.Nc1 g6
23.Kg3 Ba6 24.h4 cxd4 25.Rxd4 h5 26.Rd2 Nc5 27.Kh3 Kh7 28.Nf1 hxg4+ 29.Kxg4 Nd7
30.Ng3 Nf6+ 31.Kh3 a4 32.a3 Bc4 33.Nce2 Nd7 34.Nd4 Re8 35.Rg1 e5 36.Nde2 exf4
37.exf4 Nc5 38.h5 Rg8 39.Kh4 gxh5 40.Nxh5 e3 41.Rd4 Bxe2 42.Rxg8 Kxg8 43.Rxd5 Bxh5
44.Kxh5 Re7 45.Kg6 Re6+  0-1

[Event "ROM-ch Girls"]
[Site "Singeorz"]
[Date "1993.??.??"]
[Round "?"]
[White "Ignatescu, Ruxandra"]
[Black "Musat, Adrian"]
[Result "1-0"]
[WhiteElo "2140"]
[BlackElo "2275"]

1.d4 Nf6 2.Bg5 c5 3.d5 Ne4 4.h4 Qb6 5.Nd2 Nxd2 6.Bxd2 Qxb2 7.e4 Qd4 8.Bd3 c4
9.Nf3 Qc5 10.Be2 d6 11.Be3 Qc7 12.h5 e5 13.dxe6 Bxe6 14.Nd4 Bd7 15.O-O Be7
16.Rb1 O-O 17.Nb5 Bxb5 18.Rxb5 a6 19.Rd5 h6 20.f4 Nc6 21.Bxc4 Nb4 22.Rd4 Nc6
23.Rd2 Na5 24.Bd5 Nc4 25.Bd4 Nxd2 26.Qg4 Bg5 27.fxg5 Qc8 28.Rf5  1-0

[Event "ROM-ch Girls"]
[Site "Singeorz"]
[Date "1993.??.??"]
[Round "?"]
[White "Ignatescu, Ruxandra"]
[Black "Sofronie, Iulian"]
[Result "1/2-1/2"]
[WhiteElo "2140"]
[BlackElo "2305"]

1.d4 Nf6 2.Bg5 g6 3.Bxf6 exf6 4.e4 d5 5.Bd3 c5 6.exd5 Qxd5 7.Nc3 Qxd4 8.Nf3 Qd8
9.Qe2+ Be6 10.Rd1 Qc8 11.O-O Be7 12.Rfe1 O-O 13.Bc4 Nc6  1/2-1/2

[Event "St Petersburg op"]
[Site "St Petersburg"]
[Date "1993.??.??"]
[Round "?"]
[White "Popov, Valerij"]
[Black "Notkin, Maksim"]
[Result "1-0"]
[WhiteElo "2340"]
[BlackElo "2535"]

1.d4 Nf6 2.Bg5 g6 3.Bxf6 exf6 4.e3 Bg7 5.Nd2 O-O 6.h4 d5 7.h5 c5 8.c3 Qb6
9.Qb3 Qxb3 10.axb3 cxd4 11.exd4 Re8+ 12.Kd1 Bf8 13.Be2 Nc6 14.Bf3 Be6 15.Ne2 Bd6
16.Nf1 Red8 17.Ne3 Bc7 18.b4 a5 19.bxa5 Nxa5 20.hxg6 fxg6 21.Kc2 Rac8 22.Nf4 Bxf4
23.Rxa5 Bxe3 24.fxe3 Rc7 25.Rha1 Kg7 26.Rb5 h5 27.Ra7 Rdd7 28.Kd2 h4 29.Raa5 g5
30.Bxd5 Bxd5 31.Rxd5 Rxd5 32.Rxd5 Kg6 33.e4 g4 34.Ke3 Rh7 35.Rd8 h3 36.gxh3 gxh3
37.Rg8+ Kf7 38.Rg1 b5 39.Kf4 Rh4+ 40.Kf5 h2 41.Rh1 Ke7 42.b3 Rh3 43.c4 Rf3+
44.Kg4 Rxb3 45.cxb5 Rb2 46.b6 Kd6 47.Kg3 Re2 48.Rxh2 Rxe4 49.Rb2 Re8 50.Kf4 Kd5
51.Rb4 Rb8 52.b7 Ke6 53.Rb5 Kd6 54.Kf5 Kc6 55.Rb4  1-0

[Event "Rilton Cup op9394"]
[Site "Stockholm"]
[Date "1993.??.??"]
[Round "2"]
[White "Staflin, Soren"]
[Black "Ahlander, Bjorn"]
[Result "0-1"]
[WhiteElo "2020"]
[BlackElo "2415"]

1.d4 d5 2.Bg5 Nf6 3.Bxf6 exf6 4.e3 Bd6 5.c4 dxc4 6.Bxc4 O-O 7.Nc3 c6 8.Nge2 Nd7
9.O-O f5 10.Qc2 Nf6 11.Rfd1 Be6 12.Qb3 Bxc4 13.Qxc4 Bxh2+ 14.Kxh2 Ng4+ 15.Kg3 Qg5
16.f4 Qg6 17.Kf3 Qh5 18.Ng3 Ne5+ 19.Kf2 Qxd1 20.Nxd1 Nxc4 21.Nxf5 Rad8 22.g4 Rfe8
23.Kf3 g6 24.Nh6+ Kg7 25.g5 f5 26.Rc1 Nd2+ 27.Kf2 Rd5 28.Rc2 Ne4+ 29.Kf3 Re7
30.b3 Ra5 31.b4 Rb5 32.a3 a5 33.Ra2 Re8 34.Nb2 Ra8 35.bxa5 Nc3  0-1

[Event "SWE-chT 9394"]
[Site "SWE"]
[Date "1993.??.??"]
[Round "2"]
[White "Engqvist, Thomas"]
[Black "Hermansson, Emil"]
[Result "1/2-1/2"]
[WhiteElo "2420"]
[BlackElo "2240"]

1.d4 Nf6 2.Bg5 c5 3.Nc3 cxd4 4.Qxd4 Nc6 5.Qh4 e6 6.Bxf6 Qxf6 7.Qxf6 gxf6
8.e4 Bb4 9.Ne2 a6 10.h4 b5 11.a4 bxa4 12.Rxa4 Ke7 13.Rh3 Rb8 14.b3 Rg8 15.Kd1 a5
16.Nf4 Rg4  1/2-1/2

[Event "SWE-chT 9394"]
[Site "SWE"]
[Date "1993.??.??"]
[Round "2"]
[White "Astrom, Robert"]
[Black "Ernst, Thomas"]
[Result "1/2-1/2"]
[WhiteElo "2305"]
[BlackElo "2540"]

1.d4 Nf6 2.Bg5 d5 3.Bxf6 gxf6 4.Nf3 e6 5.e3 c5 6.c4 dxc4 7.Bxc4 Nd7 8.O-O Nb6
9.Be2 cxd4 10.Nxd4 Bg7 11.Nc3 O-O 12.Qb3 Bd7 13.Rfd1 Qe7 14.Bf3 Rab8 15.Ndb5 Nc8
16.Qc4 Nb6 17.Qb3 Nc8 18.Rac1 f5 19.h3 Rd8 20.Ne2 Bxb5 21.Rxd8+ Qxd8 22.Qxb5 Nd6
23.Qb3 Qe7 24.Nd4 Rd8 25.Nb5 Nxb5 26.Qxb5 b6 27.g3 Bf6 28.b3 Kg7 29.Kg2 Rd2
30.a4 Qd7 31.Qxd7 Rxd7 32.Rc8 Be5  1/2-1/2

[Event "SWZ-chT"]
[Site "?"]
[Date "1993.??.??"]
[Round "?"]
[White "Ballmann, Martin"]
[Black "Zueger, Beat"]
[Result "0-1"]
[WhiteElo "2345"]
[BlackElo "2415"]

1.d4 Nf6 2.Bg5 c5 3.dxc5 e6 4.Nf3 Bxc5 5.e3 b6 6.Nbd2 Bb7 7.Nc4 O-O 8.Be2 d5
9.Nce5 Be7 10.O-O Ne4 11.Bxe7 Qxe7 12.Nd4 f6 13.Nef3 e5 14.Nf5 Qe6 15.Ng3 Nd6
16.Nd2 Nc6 17.e4 d4 18.Nf5 Kh8 19.Nh4 Rad8 20.Re1 Qe7 21.a3 g6 22.g3 f5 23.exf5 gxf5
24.Bf1 Qf6 25.Bg2 e4 26.Qh5 Rg8 27.Rad1 Ba6 28.Nxe4 fxe4 29.Bxe4 Nxe4 30.Rxe4 Bc4
31.Rde1 Rdf8 32.f4 Bf7 33.Qb5 Qxh4 34.Qxc6 Rxg3+ 35.Kh1 Rg6 36.Qd7 Qf6 37.f5 Rg7
38.Rxd4 Bh5 39.Qd5 Qxd4  0-1

[Event "Val Thorens Principal"]
[Site "Val Thorens"]
[Date "1993.??.??"]
[Round "1"]
[White "Tugui, Adrian"]
[Black "Giacardi, C."]
[Result "1/2-1/2"]
[WhiteElo "2210"]
[BlackElo "1810"]

1.d4 Nf6 2.Bg5 g6 3.Bxf6 exf6 4.e3 d5 5.Bd3 Nd7 6.Ne2 Bd6 7.Nd2 O-O 8.c4 dxc4
9.Nxc4 Bb4+ 10.Nc3 b5 11.Nd2 a6 12.a3 Bd6 13.b4 f5 14.O-O Bb7 15.Nb3 Bxh2+
16.Kxh2 Qh4+ 17.Kg1 Bxg2 18.Kxg2 Qg5+  1/2-1/2

[Event "Velden op"]
[Site "Velden"]
[Date "1993.??.??"]
[Round "4"]
[White "Horvath, Csaba"]
[Black "Velickovic, Zoran"]
[Result "1-0"]
[WhiteElo "2490"]
[BlackElo "2285"]

1.d4 Nf6 2.Bg5 c5 3.Bxf6 gxf6 4.d5 Qb6 5.Qc1 f5 6.g3 Bh6 7.e3 e5 8.Nf3 e4
9.Nh4 Qf6 10.a4 d6 11.Na3 Ke7 12.c3 Bg5 13.Ng2 Nd7 14.Be2 Nb6 15.Qd2 Nxa4
16.O-O Nb6 17.f3 Qg6 18.b4 cxb4 19.cxb4 Bd7 20.Bb5 Rhc8 21.Bxd7 Nxd7 22.fxe4 fxe4
23.Nb5 Ne5 24.Nd4 Rc4 25.Qe2 h5 26.b5 Kf8 27.Kh1 Rc3 28.h3 Re8 29.Rxa7 Bxe3
30.Nxe3 Qxg3 31.Ndf5 Qxh3+ 32.Qh2 Rxe3 33.Nxe3 Qxe3 34.Rxb7 Qd3 35.Qf4 Qh3+
36.Kg1 Nf3+ 37.Rxf3 Qxf3 38.Qxf3 exf3 39.b6 Re3 40.Rd7 Rb3 41.b7 Kg7  1-0

[Event "NOR-chT"]
[Site "Vettre"]
[Date "1993.??.??"]
[Round "1"]
[White "Stigar, Petter"]
[Black "Myrvold, Torben"]
[Result "1/2-1/2"]
[WhiteElo "2290"]
[BlackElo "2330"]

1.d4 Nf6 2.Bg5 c5 3.Bxf6 gxf6 4.d5 Qb6 5.Qc1 f5 6.g3 Bg7 7.c3 Qf6 8.Bg2 e5
9.e3 d6 10.Ne2 h5 11.Nd2 h4 12.Qc2 hxg3 13.hxg3 Rxh1+ 14.Bxh1 Nd7 15.O-O-O b5
16.f4 b4 17.e4 bxc3 18.Nxc3 exf4 19.gxf4 Nb6 20.exf5 Bxf5 21.Nde4 Bxe4 22.Qxe4+ Kd7
23.Kb1 Re8 24.Qd3 c4 25.Qd2 Qe7 26.Ne4 f5 27.Ng3 c3 28.Qd3 Kc7 29.Nxf5 Qf6
30.Nxg7 Qxg7 31.Qxc3+ Qxc3 32.bxc3 Re3  1/2-1/2

[Event "NOR-chT"]
[Site "Vettre"]
[Date "1993.??.??"]
[Round "3"]
[White "Stigar, Petter"]
[Black "Diesen, Bruce"]
[Result "0-1"]
[WhiteElo "2290"]
[BlackElo "2275"]

1.d4 Nf6 2.Bg5 c5 3.Nc3 cxd4 4.Qxd4 Nc6 5.Qh4 b5 6.e4 a6 7.Nf3 d6 8.Be2 e6
9.Rd1 Bd7 10.O-O Be7 11.Bd3 Qa5 12.Nd2 Rc8 13.Nb3 Qc7 14.f3 Ne5 15.Qe1 Nc4
16.Bc1 O-O 17.Kh1 Rfd8 18.Nd4 b4 19.Nce2 a5 20.f4 g6 21.b3 Nb6 22.Ng3 Qc3
23.Qxc3 Rxc3 24.Bb2 Rcc8 25.h3 Ne8 26.Nge2 Nc7 27.Ng1 e5 28.fxe5 dxe5 29.Ndf3 f6
30.Nd2 Bb5 31.Rf3 Rd7 32.Nc4 Bxc4 33.Bxc4+ Kg7 34.Rxd7 Nxd7 35.Ne2 Nc5 36.Bd3 Rd8
37.Nc1 N7e6 38.Kg1 Ng5 39.Re3 Ncxe4 40.Rxe4 Nxe4 41.Bxe4 Rd1+ 42.Kf2 f5 43.Ke2 Rg1
44.Bc6 Bf6 45.Kf2 Rd1 46.Ke2 Rg1 47.Kf2 Rd1 48.Ke2 Rh1 49.a3 e4 50.Bxf6+ Kxf6
51.axb4 Rxc1 52.Kd2 Ra1 53.b5 Ke5 54.b6 Kd6 55.b7 Kc7 56.g4 Rh1 57.gxf5 gxf5
58.Bd7 f4 59.Bf5 e3+ 60.Kd3 Rh2 61.Bg4 Kxb7  0-1

[Event "Vilnius zt"]
[Site "Vilnius"]
[Date "1993.??.??"]
[Round "?"]
[White "Rytshagov, Mikhail"]
[Black "Piesina, Gintautas"]
[Result "1-0"]
[WhiteElo "2430"]
[BlackElo "2395"]

1.d4 Nf6 2.Bg5 g6 3.Bxf6 exf6 4.e3 d5 5.c4 dxc4 6.Bxc4 Bd6 7.Nc3 O-O 8.Nf3 c6
9.O-O a5 10.a3 Na6 11.Rc1 f5 12.Ba2 Nc7 13.Na4 Be6 14.Bxe6 Nxe6 15.Qb3 b5
16.Nc3 a4 17.Qc2 Nc7 18.e4 fxe4 19.Nxe4 Ra6 20.Ne5 Bxe5 21.dxe5 Nd5 22.Rcd1 Qe7
23.Rfe1 Rb6 24.f4 b4 25.Qf2 bxa3 26.Nf6+ Nxf6 27.Qxb6 Nd5 28.Qxc6 Nxf4 29.Qxa4 Qg5
30.g3 Nh3+ 31.Kg2 Qf5 32.Qd7 Ng5 33.Qxf5 gxf5 34.bxa3 Ra8 35.Rd3 Ne4 36.Rf1 Rb8
37.Rxf5 Rb2+ 38.Kg1 Nf2 39.Rxf2  1-0

[Event "Voskresensk"]
[Site "Voskresensk"]
[Date "1993.??.??"]
[Round "?"]
[White "Aleksandrov, Aleksej"]
[Black "Tunik, Gennady"]
[Result "1/2-1/2"]
[WhiteElo "2530"]
[BlackElo "2490"]

1.d4 Nf6 2.Bg5 d5 3.Bxf6 gxf6 4.Nc3 e6 5.e3 c5 6.Nge2 Nc6 7.g3 cxd4 8.exd4 h5
9.Bg2 h4 10.O-O Bd6 11.Re1 Ne7 12.Nb5 Bb4 13.c3 Bd7 14.Qb3 Bxb5 15.Qxb4 Bc6
16.Nf4 hxg3 17.hxg3 Qb6 18.Qa3 Qa6 19.Qxa6 bxa6 20.b4 Bb5 21.a4 Bc4 22.Bf1 Rc8
23.Bxc4 Rxc4 24.Ra3 O-O 25.Nd3 Rfc8 26.Nc5 a5 27.bxa5 R8xc5 28.dxc5 Rxc5
29.Rb1 Rxa5 30.Rb7 Nf5 31.Rd7 Kf8 32.Rb3 Rxa4 33.Rbb7 Nh6 34.Rxa7 Rg4 35.Kg2 f5
36.Ra8+ Kg7 37.Ra6 Kg8 38.f4 Rg6 39.Raa7 Kg7 40.Kf3 Kg8 41.Rd8+ Kg7 42.Raa8 Rg4
43.Rac8 Rg6 44.Rd7 Rg4 45.Re8 Rg6 46.Rc7 Rf6 47.c4 dxc4 48.Rxc4 Rg6 49.Rc7 Ng8
50.Ra7 Nh6 51.Rc8 Ng8 52.Rcc7 Nh6 53.Rcb7 Kg8 54.Rb1 Kg7 55.Rh1 Ng4 56.Ra8 Rh6
57.Rxh6 Nxh6 58.Ke3 Ng4+ 59.Kd4 Nh6 60.Ke5 Ng4+ 61.Kd6 Nf6 62.Ke7 Nd5+ 63.Kd6 Nf6
64.Ra1 Kf8 65.Rg1 Ng4 66.Rh1 Nf6 67.Rh3 Kg7 68.Ke7 Nd5+ 69.Ke8 Nf6+ 70.Kd8 Kf8  1/2-1/2